Responses for Show #7424 - Thursday, December 15, 2016

Cindy Stowell game 3.

Contestants

[<< previous game]

Sara Quashnie, a library science graduate student from Livonia, Michigan

Chelsea Cohen, a production editor from Astoria, New York

Cindy Stowell, a science content developer from Austin, Texas (whose 2-day cash winnings total $31,000)

[next game >>]

Jeopardy! Round responses

ODD WORDS
THE OSCAR WINNER'S MOVIE
WHAT'S THE BIG RUSH?
TEXAS
MOVING JOURNALISM
TAILS
    $200 10
a boat

Chelsea
    $200 3
The Lion King

Chelsea
    $200 18
Rush Limbaugh

Chelsea
    $200 2
the Alamo

Sara
    $200 14
(Sara: What is the American Automotive Association?)

the American Automobile Association

Sara
Triple Stumper
    $200 30
peacock

Cindy!
    $400 11
prison

Chelsea
    $400 4
Braveheart

Sara
    $400 19
fraternities & sororities

Sara
    $400 1
Houston

Chelsea
    $400 15
Amtrak

Cindy!
    $400 29
a kangaroo

Cindy!
    $600 12
a pool

Sara
    $600 5
Precious

Chelsea
    $600 20
a daily

Cindy!
    $600 8
Lyndon Baines Johnson

Triple Stumper
    $600 23
Norwegian Cruise Lines

Cindy!
    $600 28
(Chelsea: What is a platypus?)

a beaver

ChelseaSara
    $800 13
(Cindy: What is a kidney?)
(Alex: Yes! No, sorry. Chelsea or Sara? What is a [*]? You were in the right area. My mistake.)

kidney stone

Cindy!
Triple Stumper
    $800 6
The Artist

Sara
    $800 21
(Cindy: What is aluminum?)

titanium

Cindy!
Triple Stumper
    $800 9
a road runner

Sara
    $1,500 24
(Alex: And you are now in a tie with Sara, so no matter what you do, you're gonna break the tie for the lead.)
(Cindy: $1,500.)
(Alex: Okay. Here is your clue.)
(Cindy: What is Miller Lite? [Chuckling])
[Laughter]
(Alex: That's not bad, but it's [*]. [*] is the magazine. All right, you're at $1,500, go again. Less than a minute now.)

High Life

Cindy!
    $800 27
the dodo

Cindy!
    $1000 17
a foot soldier (infantryman)

Triple Stumper
    $1000 7
Sling Blade

Cindy!
    $1000 22
Shine

Cindy!
    $1000 16
an oil well

Cindy!
    $1000 25
Hemispheres

Sara
    $1000 26
a bobcat

Sara

Scores at the first commercial break (after clue 15):

Cindy! Chelsea Sara
$600 $1,800 $2,600

Scores at the end of the Jeopardy! Round:

Cindy! Chelsea Sara
$2,900 $1,400 $5,600

Double Jeopardy! Round responses

THE OCEANS
EUROPEAN RULERS
2016 MUSIC FESTIVALS
5 "L"ETTER WORDS
(Alex: And each of those words will begin with the letter L.)
TO LIVE & DIE IN L.A.
TALES
    $400 3
icebergs

Sara
    $400 2
Ferdinand & Isabella

Cindy!
    $400 26
Lollapalooza

Cindy!
    $400 1
latch

Sara
    $400 21
(Sara: Who is Tupac?)

Biggie Smalls (The Notorious B.I.G.)

Cindy!Sara
    $400 5
Gulliver's Travels

Sara
    $800 17
the Bay of Fundy

Sara
    $800 4
Sweden

Sara
    $800 13
linen

Chelsea
    $800 22
Johnnie Cochran

Chelsea
    $2,000 6
(Sara: What is The Arabian Nights?)

One Thousand and One Nights

Sara
    $1200 18
the Indian & Pacific Oceans

Cindy!
    $1200 10
Queen Beatrix

Chelsea
    $1200 14
a lasso

Chelsea
    $1200 23
(Alex: Less than a minute to go, Chelsea.)

Wyatt Earp

Triple Stumper
    $1200 7
(Émile) Zola

Sara
    $1600 19
New Jersey

Cindy!
    $1,000 11
George VI

Chelsea
    $1600 15
a latke

Chelsea
    $1600 24
the Black Dahlia

Chelsea
    $1600 8
(Cindy: What is The Prisoner?)
(Sara: What is The Castle?)

The Trial

Cindy!Sara
Triple Stumper
    $2000 20
the doldrums

Sara
    $2000 12
Naples

Sara
    $2000 27
[The end-of-round signal sounds.]

Bonnaroo

Sara
    $2000 16
lithe

Sara
    $2000 25
(Sara: Who are Latinos?)
(Alex: Be more specific.)
(Sara: Uh, Latino-Americans?)
(Alex: No. That's not the community we're going for.)

Chicano

Sara
Triple Stumper
    $2000 9
The Island of Dr. Moreau

Triple Stumper

Scores at the end of the Double Jeopardy! Round:

Cindy! Chelsea Sara
$5,300 $9,600 $11,600

[wagering suggestions for these scores]

Final Jeopardy! Round responses

NYC TV
(Alex: What is one of the things 6th Avenue is famous for?)
...
(Alex: Madison Avenue, known for advertising.)
Cindy!What is Mad Men?
$3,300
ChelseaWhat is How I Met Your Mother?
$2,500
SaraWhat is 30 Rock?
$7,601
Mad Men

Final scores:

Cindy! Chelsea Sara
$8,600 $7,100 $3,999
3-day champion: $39,600 2nd place: $2,000 3rd place: $1,000

Game dynamics:

Coryat scores:

Cindy! Chelsea Sara
$6,800 $10,200 $13,600
14 R,
4 W
(including 1 DD)
13 R
(including 1 DD),
1 W
19 R,
5 W
(including 1 DD)

Combined Coryat: $30,600

[game clues] [game scores] [suggest correction]

Game tape date: 2016-08-31
The J! Archive is created by fans, for fans. Scraping, republication, monetization, and malicious use prohibited; this site may use cookies and collect identifying information. See terms. The Jeopardy! game show and all elements thereof, including but not limited to copyright and trademark thereto, are the property of Jeopardy Productions, Inc. and are protected under law. This website is not affiliated with, sponsored by, or operated by Jeopardy Productions, Inc. Join the discussion at JBoard.tv.